Drugie największe miasta w województwach - Statystyki

Ogólne statystyki
  • Ten quiz został rozwiązany 584 razy
  • Średni wynik to 12 z 16
Statystyki odpowiedzi
Województwo Miasto % Poprawnych
pomorskie Gdynia
97%
kujawsko-pomorskie Toruń
88%
mazowieckie Radom
87%
lubuskie Gorzów Wielkopolski
85%
zachodniopomorskie Koszalin
85%
podlaskie Suwałki
82%
warmińsko-mazurskie Elbląg
80%
śląskie Częstochowa
75%
wielkopolskie Kalisz
72%
małopolskie Tarnów
70%
dolnośląskie Wałbrzych
70%
lubelskie Zamość
68%
łódzkie Piotrków Tryb.
67%
podkarpackie Przemyśl
63%
opolskie Kędzierzyn-Koźle
54%
świętokrzyskie Ostrowiec Świętokrzyski
50%
Nie znaleziono quizów pasujących do podanych kryteriów
Rozkład punktacji
Procent ludzi z każdym wynikiem
Percentyl według liczby udzielonych odpowiedzi
Twoja historia wyników
Nie rozwiązałeś tego quizu